000 00805nam a2200241Ia 4500
008 130821s2008 sp gr spa
020 _a8496834347
040 _aCo-BoUCM
_bspa
041 0 0 _aspa
100 1 _aStasiuk, Andrzej
_d1960-
_9135854
245 1 0 _aDe camino a Babadag
_cAndrzej Stasiuk ;traducción de Alfonso Cazenave Cantón
260 _aBarcelona (España)
_bAcantilado
_c2008
300 _a311 páginas
490 _aNarrativa del Acantilado
_v163
504 _aIncluye bibliografía.
650 0 4 _aCuentos polacos
_912299
650 0 4 _aLiteratura europea
_926524
650 0 4 _aLiteratura polaca
_918726
651 _aEuropa
_xDescripciones y viajes
_941982
765 _aJadac do Babadag
942 _cLIBRO
_a18
_e1
_mS796d
_2DEWEY
_h891.857
999 _c58398
_d58398